000 00476nam a2200181Ia 4500
005 20250423095315.0
008 250422s9999 xx 000 0 und d
020 _a0- 8129- 3305- 2
050 _aHD 58.8 .T498/
100 _aCharan, Ram
245 0 _aEvery business is a growth business: how your company can prosper year after year
260 _aNew York
260 _bThree Rivers Press
260 _c1998
300 _a342 p
650 _aLeadership
942 _cBK
999 _c29873
_d29873